<?xml version="1.0" encoding="UTF-8"?><?xml-stylesheet type="text/xsl" href="static/style.xsl"?><OAI-PMH xmlns="http://www.openarchives.org/OAI/2.0/" xmlns:xsi="http://www.w3.org/2001/XMLSchema-instance" xsi:schemaLocation="http://www.openarchives.org/OAI/2.0/ http://www.openarchives.org/OAI/2.0/OAI-PMH.xsd"><responseDate>2026-04-17T20:48:00Z</responseDate><request verb="GetRecord" identifier="oai:riubu.ubu.es:10259/11431" metadataPrefix="marc">https://riubu.ubu.es/oai/request</request><GetRecord><record><header><identifier>oai:riubu.ubu.es:10259/11431</identifier><datestamp>2026-02-26T11:37:55Z</datestamp><setSpec>com_10259_8983</setSpec><setSpec>com_10259_5086</setSpec><setSpec>com_10259_2604</setSpec><setSpec>col_10259_8984</setSpec></header><metadata><record xmlns="http://www.loc.gov/MARC21/slim" xmlns:doc="http://www.lyncode.com/xoai" xmlns:xsi="http://www.w3.org/2001/XMLSchema-instance" xmlns:dcterms="http://purl.org/dc/terms/" xsi:schemaLocation="http://www.loc.gov/MARC21/slim http://www.loc.gov/standards/marcxml/schema/MARC21slim.xsd">
<leader>00925njm 22002777a 4500</leader>
<datafield tag="042" ind1=" " ind2=" ">
<subfield code="a">dc</subfield>
</datafield>
<datafield tag="720" ind1=" " ind2=" ">
<subfield code="a">Lifi, Mohamed</subfield>
<subfield code="e">author</subfield>
</datafield>
<datafield tag="720" ind1=" " ind2=" ">
<subfield code="a">Rubio Pérez, Gabriel</subfield>
<subfield code="e">author</subfield>
</datafield>
<datafield tag="720" ind1=" " ind2=" ">
<subfield code="a">Lifi, Houda</subfield>
<subfield code="e">author</subfield>
</datafield>
<datafield tag="720" ind1=" " ind2=" ">
<subfield code="a">Muñoz Rujas, Natalia</subfield>
<subfield code="e">author</subfield>
</datafield>
<datafield tag="720" ind1=" " ind2=" ">
<subfield code="a">Aguilar Romero, Fernando</subfield>
<subfield code="e">author</subfield>
</datafield>
<datafield tag="720" ind1=" " ind2=" ">
<subfield code="a">Alaoui, Fatima E. M.</subfield>
<subfield code="e">author</subfield>
</datafield>
<datafield tag="260" ind1=" " ind2=" ">
<subfield code="c">2022-10</subfield>
</datafield>
<datafield tag="520" ind1=" " ind2=" ">
<subfield code="a">The experimental and modelling excess enthalpy, HE, data for the following binary and ternary mixtures: methylcyclohexane (1) + 1‑hexene (2), 2-(2-ethoxyethoxy)ethanol (1) + 1‑hexene (2) + cyclohexane (3), and 2-(2-ethoxyethoxy)ethanol (1) + methylcyclohexane (2) + 1‑hexene (3) are studied in this work at two different temperatures (298.15 and 313.15) K and 0.1 MPa. To measure the HE of the studied binary and ternary mixtures, a quasi-isothermal flow calorimeter was used. All the binary and ternary mixtures present an endothermic behavior at the chosen temperatures. Measured data of HE were correlated using modified Redlich-Kister equation, NRTL and UNIQUAC models.</subfield>
</datafield>
<datafield tag="024" ind2=" " ind1="8">
<subfield code="a">0021-9614</subfield>
</datafield>
<datafield tag="024" ind2=" " ind1="8">
<subfield code="a">https://hdl.handle.net/10259/11431</subfield>
</datafield>
<datafield tag="024" ind2=" " ind1="8">
<subfield code="a">10.1016/j.jct.2022.106933</subfield>
</datafield>
<datafield ind1=" " ind2=" " tag="653">
<subfield code="a">Excess enthalpy</subfield>
</datafield>
<datafield ind1=" " ind2=" " tag="653">
<subfield code="a">Oxygenated compound</subfield>
</datafield>
<datafield ind1=" " ind2=" " tag="653">
<subfield code="a">Diesel fuel</subfield>
</datafield>
<datafield tag="245" ind1="0" ind2="0">
<subfield code="a">Excess properties of mixtures containing 2-(2-ethoxyethoxy)ethanol, methylcyclohexane, cyclohexane and 1‑hexene as fuel representative</subfield>
</datafield>
</record></metadata></record></GetRecord></OAI-PMH>